| Tag |
First Indicator |
Second Indicator |
Subfields |
| LEADER |
00000cam a2200000 4500 |
| 001 |
in00000723113 |
| 005 |
20151016055859.0 |
| 008 |
760823s1930 nyu 00010 eng |
| 035 |
|
|
|a (OCoLC)02390873
|
| 035 |
|
|
|9 ADC8490AM
|
| 040 |
|
|
|a DLC
|c UPM
|d TXA
|d UtOrBLW
|
| 049 |
|
|
|a TXAM
|c [198204]
|
| 090 |
|
|
|a PR6015.A78
|b C8 1930
|
| 092 |
|
|
|a 822
|b H343c
|
| 100 |
1 |
|
|a Harwood, Harold Marsh,
|d 1874-1959.
|
| 245 |
1 |
0 |
|a Cynara: a play in a prologue, three acts and an epilogue :
|b adapted from "An imperfect lover", a novel by R. Gore Browne /
|c by H. M. Harwood and R. Gore Browne...
|
| 264 |
|
1 |
|a New York :
|b French,
|c [1930]
|
| 300 |
|
|
|a 6 pages ., 11-114 pages, 1 unnumbered page ;
|c 19 cm.
|
| 336 |
|
|
|a text
|b txt
|2 rdacontent
|
| 337 |
|
|
|a unmediated
|b n
|2 rdamedia
|
| 338 |
|
|
|a volume
|b nc
|2 rdacarrier
|
| 490 |
0 |
|
|a Contemporary British dramatists, v. 79
|
| 700 |
1 |
|
|a Gore Browne, Robert.
|
| 999 |
|
|
|a MARS
|
| 999 |
f |
f |
|s 9802fa70-98b8-3307-b24b-587cc8caf813
|i 6eac604d-d7a1-389e-9a5b-b8fd8aa72806
|t 0
|
| 952 |
f |
f |
|p ric
|a Texas A&M University
|b Rellis Campus
|c Joint Library Facility
|d Remote Storage
|t 0
|e PR6015.A78 C8 1930
|h Library of Congress classification
|i unmediated -- volume
|m A14828815874
|
| 998 |
f |
f |
|a PR6015.A78 C8 1930
|t 0
|l Remote Storage
|